<?xml version="1.0" encoding="UTF-8"?>
<record
    xmlns:xsi="http://www.w3.org/2001/XMLSchema-instance"
    xsi:schemaLocation="http://www.loc.gov/MARC21/slim http://www.loc.gov/standards/marcxml/schema/MARC21slim.xsd"
    xmlns="http://www.loc.gov/MARC21/slim">

  <leader>01211nam2a2200253   4500</leader>
  <controlfield tag="001">rc\2647659</controlfield>
  <controlfield tag="005">20260325101955.0</controlfield>
  <datafield tag="035" ind1=" " ind2=" ">
    <subfield code="a">(NLR Aleph) 007201501</subfield>
  </datafield>
  <datafield tag="090" ind1=" " ind2=" ">
    <subfield code="a">13627568</subfield>
    <subfield code="c">13627568</subfield>
  </datafield>
  <datafield tag="100" ind1=" " ind2=" ">
    <subfield code="a">20110609d1928    u  y0rusy50      ca</subfield>
  </datafield>
  <datafield tag="101" ind1="1" ind2=" ">
    <subfield code="a">rus</subfield>
    <subfield code="c">fre</subfield>
  </datafield>
  <datafield tag="102" ind1=" " ind2=" ">
    <subfield code="a">RU</subfield>
  </datafield>
  <datafield tag="105" ind1=" " ind2=" ">
    <subfield code="a">a   z   |||a|</subfield>
  </datafield>
  <datafield tag="200" ind1="0" ind2=" ">
    <subfield code="a">2</subfield>
    <subfield code="e">&#x441; &#x432;&#x43E;&#x441;&#x43F;&#x440;&#x43E;&#x438;&#x437;&#x432;&#x435;&#x434;&#x435;&#x43D;&#x438;&#x435;&#x43C; &#x438;&#x43B;&#x43B;&#x44E;&#x441;&#x442;&#x440;&#x430;&#x446;&#x438;&#x439; &#x43A; &#x43F;&#x435;&#x440;&#x432;&#x43E;&#x43C;&#x443; &#x444;&#x440;&#x430;&#x43D;&#x446;&#x443;&#x437;&#x441;&#x43A;&#x43E;&#x43C;&#x443; &#x438;&#x437;&#x434;&#x430;&#x43D;&#x438;&#x44E;</subfield>
    <subfield code="f">&#x43F;&#x435;&#x440;. &#x410;. &#x410;. &#x424;&#x440;&#x430;&#x43D;...&#x43A;&#x43E;&#x433;&#x43E;</subfield>
  </datafield>
  <datafield tag="210" ind1=" " ind2=" ">
    <subfield code="d">1928</subfield>
  </datafield>
  <datafield tag="215" ind1=" " ind2=" ">
    <subfield code="a">899 &#x441;.</subfield>
    <subfield code="c">&#x440;&#x438;&#x441;.</subfield>
  </datafield>
  <datafield tag="461" ind1=" " ind2="0">
    <subfield code="1">001rc\2647657</subfield>
    <subfield code="1">2000#$a&#x414;&#x435;&#x441;&#x44F;&#x442;&#x44C; &#x43B;&#x435;&#x442; &#x441;&#x43F;&#x443;&#x441;&#x442;&#x44F;$e&#x412;&#x438;&#x43A;&#x43E;&#x43D;&#x442; &#x434;&#x435; &#x411;&#x440;&#x430;&#x436;&#x435;&#x43B;&#x43E;&#x43D;$e[&#x43F;&#x435;&#x440;&#x435;&#x432;&#x43E;&#x434; &#x441; &#x444;&#x440;&#x430;&#x43D;&#x446;&#x443;&#x437;&#x441;&#x43A;&#x43E;&#x433;&#x43E;]$f&#x410;&#x43B;&#x435;&#x43A;&#x441;&#x430;&#x43D;&#x434;&#x440; &#x414;&#x44E;&#x43C;&#x430;$v2</subfield>
    <subfield code="1">700#1$a&#x414;&#x44E;&#x43C;&#x430;$b&#x410;.$c&#x43E;&#x442;&#x435;&#x446;$f1802-1870$g&#x410;&#x43B;&#x435;&#x43A;&#x441;&#x430;&#x43D;&#x434;&#x440;$3RU\NLR\AUTH\776853</subfield>
    <subfield code="9">7633719</subfield>
    <subfield code="a">&#x414;&#x44E;&#x43C;&#x430;, &#x410;. (&#x43E;&#x442;&#x435;&#x446; ; 1802-1870)</subfield>
    <subfield code="c">&#x41B;&#x435;&#x43D;&#x438;&#x43D;&#x433;&#x440;&#x430;&#x434;</subfield>
    <subfield code="d">1928&#x2013;1929</subfield>
    <subfield code="f">&#x410;&#x43B;&#x435;&#x43A;&#x441;&#x430;&#x43D;&#x434;&#x440; &#x414;&#x44E;&#x43C;&#x430;</subfield>
    <subfield code="n">Academia</subfield>
    <subfield code="o">&#x412;&#x438;&#x43A;&#x43E;&#x43D;&#x442; &#x434;&#x435; &#x411;&#x440;&#x430;&#x436;&#x435;&#x43B;&#x43E;&#x43D; : [&#x43F;&#x435;&#x440;&#x435;&#x432;&#x43E;&#x434; &#x441; &#x444;&#x440;&#x430;&#x43D;&#x446;&#x443;&#x437;&#x441;&#x43A;&#x43E;&#x433;&#x43E;]</subfield>
    <subfield code="t">&#x414;&#x435;&#x441;&#x44F;&#x442;&#x44C; &#x43B;&#x435;&#x442; &#x441;&#x43F;&#x443;&#x441;&#x442;&#x44F;</subfield>
    <subfield code="v">2</subfield>
  </datafield>
  <datafield tag="801" ind1=" " ind2="0">
    <subfield code="a">RU</subfield>
    <subfield code="b">NLR</subfield>
    <subfield code="g">psbo</subfield>
  </datafield>
  <datafield tag="801" ind1=" " ind2="1">
    <subfield code="a">RU</subfield>
    <subfield code="b">ELAR</subfield>
    <subfield code="2">rusmarc</subfield>
  </datafield>
  <datafield tag="852" ind1=" " ind2=" ">
    <subfield code="a">NLR</subfield>
    <subfield code="j">118/199(2)</subfield>
  </datafield>
  <datafield tag="852" ind1=" " ind2=" ">
    <subfield code="a">NLR</subfield>
    <subfield code="j">&#x41B;60 &#x412;-1/42(2)</subfield>
  </datafield>
  <datafield tag="942" ind1=" " ind2=" ">
    <subfield code="c">BOOK</subfield>
  </datafield>
  <datafield tag="980" ind1=" " ind2=" ">
    <subfield code="a">NB</subfield>
  </datafield>
</record>
